| 000 | 00534 a2200169 4500 | ||
|---|---|---|---|
| 020 | _a8181281438 | ||
| 020 | _a9788181281432 | ||
| 082 | _a516.36 | ||
| 090 |
_c740 _d740 |
||
| 100 | 1 | _aPressley.Andrew | |
| 245 | 1 | 0 |
_aElementary differential geometry / _cAndrew Pressley |
| 260 |
_a[S.l.] : _bSpringer, _c2001 |
||
| 300 | _a1 v. (unpaged) | ||
| 700 | _aPressley,Andrew | ||
| 942 |
_aSNS _cBK _k516.36 PRE |
||
| 999 |
_c29368 _d29368 |
||